Most Guessed Most Guessed Most Guessed Countries on JetPunk - Statistics

General Stats
  • This quiz has been taken 8 times
  • The average score is 9 of 9
Answer Stats
Hint Answer % Correct
95% Brazil
100%
98% Canada
100%
98% China
100%
97% France
100%
95% Germany
100%
98% Russia
100%
97% United Kingdom
100%
100% United States
100%
96% Mexico
88%
No matching quizzes found
Score Distribution
Percent of People with Each Score
Percentile by Number Answered
Your Score History
You have not taken this quiz